<?xml version="1.0" encoding="UTF-8"?>
<marc:record xmlns:marc="http://www.loc.gov/MARC21/slim">
   <marc:leader>00000nam a2200000 a 4500</marc:leader>
   <marc:datafield ind1="1" ind2=" " tag="100">
      <marc:subfield code="a">Holzwarth-Raether, Ulrike</marc:subfield>
      <marc:subfield code="4">aut</marc:subfield>
      <marc:subfield code="e">Verfasser/-in</marc:subfield>
   </marc:datafield>
   <marc:datafield ind1="0" ind2="0" tag="245">
      <marc:subfield code="a">Technik bei uns zu Hause</marc:subfield>
   </marc:datafield>
   <marc:datafield ind1="0" ind2="0" tag="245">
      <marc:subfield code="c">Ulrike Holzwarth-Raether ; [Red.: Valeska Schneider-Finke]</marc:subfield>
   </marc:datafield>
   <marc:datafield ind1=" " ind2="1" tag="264">
      <marc:subfield code="a">Ravensburg</marc:subfield>
      <marc:subfield code="b">Ravensburger Buchverl.</marc:subfield>
      <marc:subfield code="c">2003</marc:subfield>
   </marc:datafield>
   <marc:datafield ind1="1" ind2=" " tag="490">
      <marc:subfield code="a">Wieso? Weshalb? Warum?</marc:subfield>
   </marc:datafield>
   <marc:datafield ind1="1" ind2=" " tag="520">
      <marc:subfield code="a">Gleich vorweg: dieser Titel der beliebten Kindersachbuchreihe "Wieso? Weshalb? Warum?" (s. zuletzt A. Weinhold: "Unsere Religionen") gehört bestimmt zu den gelungensten unter den bereits über 20 Bänden. Die detailreichen, zum Entdecken einladenden Bilder werden von hervorragend an die Zielgruppe der Vor- und Grundschulkinder angepassten Texten begleitet. Dabei wird die erstaunliche Informationsfülle durch viele unterhaltsame Elemente aufgelockert. Dazu zählen natürlich auch die zahlreichen Klapptürchen, hinter denen sich ebenfalls durchweg themenrelevante Detailinformationen verstecken. Wie gut sich Spiralbindung und Klappelemente trotz dicker Pappe im Ausleihstress bewähren, muss vor Ort geprüft werden. Themen der 8 Doppelseiten sind: Wasser-, Strom- und Wärmeversorgungsnetz, Funktion der kleinen und großen Küchengeräte, Technik im Badezimmer, Staubsauger, Heizung und Telefon. Die Spaß-Rateseite "Sag bloß - gibt's das wirklich?" spürt dem Wahrheitsgehalt von 6 erstaunlichen Erfindungen nach. Empfohlen für Kinder ab 5, Kindergarten und Grundschule.</marc:subfield>
   </marc:datafield>
   <marc:datafield ind1=" " ind2=" " tag="020">
      <marc:subfield code="a">9783473332533</marc:subfield>
      <marc:subfield code="9">9783473332533</marc:subfield>
   </marc:datafield>
   <marc:datafield ind1=" " ind2=" " tag="041">
      <marc:subfield code="a">ger</marc:subfield>
   </marc:datafield>
   <marc:datafield ind1=" " ind2=" " tag="300">
      <marc:subfield code="a">[14] S. : überw. Ill</marc:subfield>
   </marc:datafield>
</marc:record>
